000 00402nam a2200181Ia 4500
005 20251020182543.0
008 200515s9999 xx 000 0 und d
082 _a744.721/U18
100 _aUDDIN, Saleh
245 0 _aDibujo de composición
260 _aMéxico D.F.
260 _c1997
300 _a197
500 _a1 ejemplar
650 _aDIBUJOCOMPOSICION
650 _aLIB
942 _cLIB
999 _c2460
_d2460